[Event "Olympiad-36"]
[Site "Mallorca"]
[Date "2004.10.27"]
[Round "12"]
[White "Kaidanov, Gregory S"]
[Black "Lputian, Smbat G"]
[Result "1-0"]
[WhiteElo "2611"]
[BlackElo "2634"]
[Annotator "Dautov,R"]
[PlyCount "83"]
[EventDate "2004.10.15"]
[EventType "team-swiss"]
[EventRounds "14"]
[EventCountry "ESP"]
[SourceTitle "CBM 104"]
[Source "ChessBase"]
[SourceDate "2005.01.27"]
[SourceVersion "1"]
[SourceVersionDate "2005.01.27"]
[SourceQuality "1"]
[WhiteTeam "US of America"]
[BlackTeam "Armenia"]
[WhiteTeamCountry "USA"]
[BlackTeamCountry "ARM"]

1. d4 d5 2. c4 e6 3. Nc3 Be7 4. Nf3 Nf6 5. Bf4 O-O 6. e3 c5 7. dxc5 Bxc5 8. Qc2
Nc6 9. a3 Qa5 10. Nd2 Be7 11. Bg3 Qb6 {Es folgt also die Fortsetzung der
theoretischen Diskussion in dieser Nebenvariante. Die Hauptfortsetzung ist
hier 11...Bd7.} (11... Bd7) 12. Be2 d4 13. Na4 Qd8 14. O-O Bd6 (14... dxe3 15.
fxe3 Bd6 16. Bxd6 (16. Bh4 Qc7 17. Kh1 {führt mit Zugumstellung zur Partie.})
16... Qxd6 17. c5 Qc7 18. b4 Ne5 {/\Ng4} 19. h3 Bd7 20. Nc3 Rad8 21. Rac1 Ng6
$11 {Lautier,J-Onischuk,A/Moscow 2002}) 15. Bh4 Qc7 16. Kh1 $1 dxe3 17. fxe3
Ne8 $2 $146 {Es drohte 18.Bxf6 nebst 19.Ne4, und der Springer tritt den
Rückzug an. Wie die Partie zeigen wird, hätte er auf d7 weit bessere
Aussichten.} (17... Bxh2 $2 18. Rxf6 $1 gxf6 19. g3 $16) (17... Be7 18. Bg3 (
18. b4 $5 Ng4 19. Bg3 e5 20. Qc3 $14) 18... Bd6 19. Bxd6 Qxd6 20. c5 Qc7 21. b4
Ne5 22. Ne4 Nfg4 (22... Neg4 $6 23. Nxf6+ Nxf6 24. Nc3 $14 {Onischuk,A-Barsov,
A/Montreal 2003}) 23. Qc3 Nxh2 24. Rf4 Nhg4 25. Bxg4 Nxg4 26. Rxg4 f5 $11) (
17... Nd7 $5 18. Ne4 Be5 19. Ng5 g6 20. Nf3 Bg7 21. Nc3 $14) 18. Ne4 Be5 19.
Ng5 $14 g6 {Die Analysemodule schlagen den unschönen Zug 19...f5!? vor, der
von einem Menschen kaum in Betracht gezogen würde.} (19... f5 20. c5 $1 {
Um die Schwäche e6 angreifen zu können.} (20. Nf3 Nf6 21. Nxe5 Nxe5 22. Nc3
Neg4 $132) 20... Nf6 21. Nc3 Nd5 (21... Bxh2 22. Bc4 $14) 22. Nxd5 exd5 23. Nf3
$14) 20. Nf3 Bg7 21. Nc3 {Weiß kam mit Vorteil aus der Eröffung, seine
Initiative auf dem Damenflügel entwickelt sich rasch, während Schwarz aus
seiner besseren Bauernstruktur und dem Vorposten e5 kaum Kapital schlagen kann.
} b6 (21... Nd6 22. Nb5 Qb8 23. Nxd6 Qxd6 24. c5 Qc7 25. Rad1 $16) 22. Rad1 Bb7
23. Nb5 $16 Qc8 24. b4 a6 (24... a5 25. Qb3 axb4 26. axb4 $16) 25. Nc3 {><b6}
a5 $2 (25... Nf6 $2 26. Na4 Qc7 27. b5 Na5 28. Bg3 $18) (25... Qc7 $16) 26. Qb3
{Noch stärker war der direkte Angriff auf b6, Schwarz wäre dagegen ziemlich
hilflos.} (26. Na4 Qc7 27. b5 Ne5 28. Nxe5 Bxe5 29. c5 $18) (26. b5 Ne5 27.
Nxe5 Bxe5 28. Na4 $18) 26... axb4 27. axb4 Nf6 {Ein klares Eingeständnis des
Fehlers im 17. Zug. Schwarz bleibt stark unter Druck.} 28. Nd2 $1 {Visiert das
Feld d6 an.} Nd7 29. Nde4 Qc7 $2 {Der entscheidende Fehler, Schwarz verliert
Material. Nur mit 29...Nce5 konnte man Widerstand leisten.} (29... Nce5 30. Nd6
Qc6 31. Nxb7 Qxb7 32. Nb5 $16) 30. Nb5 $18 Qe5 (30... Qc8 31. Ned6 Qb8 32. Nxf7
$18) 31. Ned6 Rab8 32. Bg3 Qg5 33. Nxb7 Rxb7 34. Bf3 Nde5 35. Bxe5 Bxe5 36.
Bxc6 Qh4 37. g3 Bxg3 38. Qc2 Rbb8 39. Qg2 Be5 40. Nd4 Qh6 41. Bf3 Rbd8 42. Qe2
1-0

[Event "ESP-chT Honor Gp2 49th"]
[Site "Sant Lluis"]
[Date "2005.09.03"]
[Round "4"]
[White "Mamedyarov, Shakhriyar"]
[Black "Graf, Alexander"]
[Result "1/2-1/2"]
[WhiteElo "2646"]
[BlackElo "2605"]
[Annotator "Dautov,R"]
[PlyCount "103"]
[EventDate "2005.08.31"]
[EventType "team"]
[EventRounds "5"]
[EventCountry "ESP"]
[SourceTitle "CBM 109"]
[Source "ChessBase"]
[SourceDate "2005.11.14"]
[SourceVersion "1"]
[SourceVersionDate "2005.11.14"]
[SourceQuality "1"]

1. d4 Nf6 2. c4 e6 3. Nf3 d5 4. Nc3 Be7 5. Bf4 O-O 6. e3 c5 7. dxc5 Bxc5 8. a3
Nc6 9. Qc2 Qa5 10. Rd1 Be7 (10... Ne4 $6 11. cxd5 exd5 12. Rxd5 Nxc3 13. bxc3
Qxa3 14. Ng5 $1 $40) 11. Be2 {Mamedyarovs Lieblingszug. Bisher galt diese
Fortsetzung als ziemlich harmlos.} (11. Nd2 {ist hier die Hauptfortsetzung.})
11... Ne4 {Diese Antwort hat sich bisher bewährt, aber möglicherweise ist P.-H.
Nielsens Neuerung 11...e5!? der beste Weg zum Ausgleich.} (11... dxc4 12. Bxc4
e5 13. Bg3 Bg4 14. O-O Rac8 15. Nd5 b5 16. Ba2 Nxd5 17. Bxd5 $14 {Mamedyarov,
S-Moradiabadi,E /Abu Dhabi 2005}) (11... e5 $5 12. Nxe5 Nxe5 13. Bxe5 dxc4 14.
Bd4 Bf5 15. Qc1 Rac8 16. O-O Rfd8 17. Rd2 Ne4 $11 {Mamedyarov,S-Nielsen,P /
Sant Lluis 2005}) 12. cxd5 Nxc3 13. bxc3 exd5 14. O-O Be6 15. a4 (15. Rb1 Qxa3
16. Rxb7 Rfc8 17. Rc1 $6 Bf5 18. Qd1 a5 19. Bb5 Nd8 20. Rc7 Rxc7 21. Bxc7 Ne6
$11 {Miles,A-Van der Sterren,P /Wijk aan Zee 1984}) 15... Bf6 16. Rb1 (16. Nd4
Ne5 17. Rb1 Qc7 $13) 16... Rfc8 17. Rxb7 Qxc3 18. Qxc3 Bxc3 19. Rc1 Bf6 20. h3
h6 {Mehr oder weniger forciert ist ein Endspiel entstanden, in dem Weiß dank
seiner aktiven Figuren besser steht, Schwarz aber sehr nah am Ausgleich ist.}
21. Ba6 Na5 22. Rbc7 Rxc7 23. Rxc7 Bd8 24. Rc3 $146 {Eine Neuerung nach 20
Jahren! Natürlicher sieht jedoch 24.Rc1 aus.} (24. Rc1 Bb6 (24... Bd7 25. Bb5
Rc8 26. Rd1 Be6 27. Nd4 $14) 25. Nd4 Bd7 26. Bb5 Bxb5 (26... Rc8 $1 $14) 27.
Nxb5 Nc4 $2 28. Nc3 Rd8 29. Nxd5 Rxd5 30. Rxc4 $16 {Conquest,S-Greenfeld,A /
Hastings 1985}) 24... Bd7 25. Bc7 $6 {Nach der Abgabe des Bauern a4 kann Weiß
nicht mehr als Unentschieden erreichen. Im Sinne des Spiels auf Gewinn war 25.
Bb5 eher geeignet.} (25. Bb5 Rc8 26. Rd3 Be6 27. Nd4 Rc1+ 28. Kh2 Bb6 $11)
25... Bxc7 26. Rxc7 Bxa4 $11 27. Nd4 Rd8 (27... Nb3 28. Nf5 Kf8 $11) 28. Bd3
Nb3 29. Nf5 d4 (29... a5 $6 30. Bc2 $1 $44) (29... Bd7 30. Nd6 Be6 31. Rxa7 Kf8
$11) 30. exd4 Bd7 31. d5 Bxf5 32. Bxf5 Kf8 33. Bd7 Nc5 34. Bc6 Nd3 35. Rxa7 Nb4
36. Ra1 Nxc6 37. dxc6 Rc8 38. Ra6 Ke7 {Das Turmendspiel ist remislich.} 39. Kh2
Kd6 40. Kg3 (40. c7+ Kd7 $11) 40... Rxc6 41. Rxc6+ Kxc6 42. Kf4 Kd5 43. Kf5 Kd4
44. h4 Kd5 45. h5 Kd6 46. g4 Ke7 47. Ke5 f6+ 48. Kf5 Kf7 49. f3 Ke7 50. Kg6 Kf8
51. f4 Kg8 52. g5 1/2-1/2

[Event "Bundesliga 0102"]
[Site "Germany"]
[Date "2002.04.27"]
[Round "14.2"]
[White "Gabriel, Christian"]
[Black "Vaganian, Rafael A"]
[Result "0-1"]
[WhiteElo "2545"]
[BlackElo "2650"]
[Annotator "Dautov,R"]
[PlyCount "74"]
[EventDate "2001.10.06"]
[EventType "team-tourn"]
[EventRounds "15"]
[EventCountry "GER"]
[SourceTitle "CBM 089"]
[Source "ChessBase"]
[SourceDate "2002.08.12"]
[SourceVersion "1"]
[SourceVersionDate "2002.08.12"]
[SourceQuality "1"]
[WhiteTeam "Stuttgart"]
[BlackTeam "Porz"]
[WhiteTeamCountry "GER"]
[BlackTeamCountry "GER"]

{[%mdl 32768]} 1. d4 d5 2. c4 e6 3. Nf3 Nf6 4. Nc3 Be7 5. Bf4 O-O 6. e3 Nbd7 7.
h3 c5 8. dxc5 Nxc5 9. cxd5 Nxd5 10. Nxd5 exd5 11. Be5 (11. Be2 Ne6 12. Be5 Bb4+
13. Bc3 Bxc3+ 14. bxc3 b6 $11) 11... Ne4 12. a3 (12. Bd3 $6 Qa5+ 13. Ke2 Bd7
$36 {Postniy,E-Golod,V/Tel Aviv 1999}) 12... Bh4 13. g3 {Ch. Gabriel versucht,
das Spiel von Kortschnoj zu verbessern, leider ohne Erfolg.} (13. Nxh4 Qxh4 14.
g3 Qg5 15. Bd4 Qf5 16. Qe2 Bd7 17. h4 Bb5 18. g4 Bxe2 19. gxf5 Bxf1 20. Rxf1 f6
$11 {Kortschnoj,V-Vaganian,R/Istanbul 2000}) 13... Bf6 14. Bd4 $6 ({
Natürlicher sieht} 14. Bg2 {aus, selbst wenn es Schwarz keine Probleme
bereitet:} Bxe5 15. Nxe5 Qf6 16. Nd3 b6 $132 {/\Ba6} (16... Bf5 17. O-O d4 18.
exd4 Qxd4 19. Nf4 $14)) 14... Bd7 15. Be2 (15. Bg2 $6 Bb5) 15... Rc8 16. h4 Re8
17. O-O {Nach gründlicher Vorbereitung kann Weiß rochieren, nur um in einen
gefährlichen Angriff zu geraten.} Bh3 18. Re1 Rc6 $1 {Sehr stark gespielt!
Ohne Wenn und Aber wird der schwarze Turm auf den Königsflügel überführt.} 19.
Bb5 $6 {Ein Tempoverlust, da Weiß der Qualitätsgewinn nicht bekommt.} Bg4 20.
Be2 (20. Bxc6 $2 bxc6 21. b4 Re6 22. Kg2 Bxh4 $1 23. gxh4 Rg6 $19) 20... Bxf3
21. Bxf3 Bxh4 $5 {Ein chancenreiches Figurenopfer. Schwarz hat ein sicheres
Remis, kann aber einige Gewinnversuche unternehmen.} 22. Bxe4 (22. gxh4 Qxh4
23. Qe2 $2 (23. Bxe4 $142) 23... Rg6+ 24. Bg2 Rxg2+ 25. Kxg2 Re6 $19) 22...
dxe4 23. gxh4 Qxh4 24. Rc1 Rd6 {/\Qh3} (24... Rh6 25. Kf1 Qh3+ 26. Ke2 Qf3+ 27.
Kd2 Qxf2+ 28. Qe2 $14) 25. Kf1 Red8 $5 {Schwarz bereitet den Einschlag auf d4
vor.} (25... Qh3+ 26. Ke2 Qf3+ 27. Kf1 $11) 26. Rc4 ({Zum Remis führte} 26. Ke2
{/\Rg1} Qg4+ 27. Kf1 Qh3+ 28. Ke2 Qf3+ 29. Kf1 $11) 26... Rd5 {/\Rf5} (26... b5
27. Rc5 Qh3+ $11) 27. a4 (27. Ke2 b5 28. Rc6 Qg4+ 29. Kf1 Qh3+ 30. Ke2 $11)
27... Rf5 28. Qc2 h5 {Weiß hatte zu diesem Zeitpunkt nur wenige Minuten auf
der Uhr, während Vaganian bei weitem über mehr Zeit verfügte. Letzten Endes
konnte Christian diesem Zeitdruck nicht standhalten.} (28... Qh3+ $1 29. Ke2
Qg4+ 30. f3 (30. Kf1 $2 Rh5 $19) 30... exf3+ 31. Kd2 h5 $13) 29. Rd1 Qg4 30.
Qe2 Rf3 31. Ke1 h4 32. Kd2 Qg2 33. Rf1 h3 34. Rc5 g6 35. Qe1 h2 36. Ke2 $4 (36.
Rc3 f6 $13 {/\Rd5-h5}) 36... Rxd4 $1 37. exd4 Rd3 0-1

[Event "EU-Cup 19th"]
[Site "Rethymno"]
[Date "2003.10.02"]
[Round "5.4"]
[White "Greenfeld, Alon"]
[Black "Onischuk, Alexander"]
[Result "1-0"]
[WhiteElo "2556"]
[BlackElo "2657"]
[Annotator "Dautov,R"]
[PlyCount "115"]
[EventDate "2003.09.28"]
[EventType "team-swiss"]
[EventRounds "7"]
[EventCountry "GRE"]
[SourceTitle "CBM 098"]
[Source "ChessBase"]
[SourceDate "2004.02.03"]
[SourceVersion "1"]
[SourceVersionDate "2004.02.03"]
[SourceQuality "1"]
[WhiteTeam "Beer Sheva"]
[BlackTeam "Norilsk Nikel"]
[WhiteTeamCountry "ISR"]
[BlackTeamCountry "RUS"]

1. d4 Nf6 2. c4 e6 3. Nf3 d5 4. Nc3 Be7 5. Bf4 O-O 6. e3 c5 7. dxc5 Bxc5 8.
cxd5 Nxd5 9. Nxd5 exd5 10. a3 Nc6 11. Bd3 Bb6 12. O-O d4 13. e4 Bg4 14. h3 Qf6
15. Bg3 {Als recht aussichtsreich für Weiß gilt 15.hxg4.} (15. hxg4 Qxf4 16.
Nh2 $1 Rac8 (16... Ne5 17. g3 Qf6 18. f4 Nxd3 19. Qxd3 Rac8 20. Rf2 Rfe8 21.
Rd1 $14 {Van Wely,L-Doettling,F/BL 2000}) 17. g3 Qd6 18. Kg2 Ne5 19. f4 Nc4 20.
Bxc4 Rxc4 21. Qd3 Rfc8 22. Rf2 Qc6 23. Nf3 $14 {Ruck,R-Beliavsky,A/Celje 2003})
15... Bxf3 16. Qxf3 Qxf3 17. gxf3 Na5 18. Rac1 Rfc8 $6 {Natürlicher und besser
ist 18...Rac8, aber wahrscheinlich befürchtete Onischuk eine Verbesserung
seiner Partie gegen Yermolinsky (dort wurde nicht 15.Bg3, sondern 15.Bh2
gespielt).} (18... Rac8 19. Bd6 (19. Rfd1 Nb3 20. Rc2 Rfd8 $11) 19... Nb3 20.
Rcd1 Rfd8 21. e5 Nc5 22. Bf5 Ne6 23. Rc1 g6 24. Bxe6 fxe6 $11 {
Yermolinsky-Onischuk/Reno 2001}) 19. Rfd1 Nb3 20. Rc2 $1 Rxc2 {Gespielt um den
eingeklemmten Turm a8 zu befreien, aber Greenfeld beweist nun sehr geschickt,
dass dieser Turmtausch für Weiß ausgesprochen günstig ist.} (20... Nc5 21. Bc4
$14) 21. Bxc2 Na5 22. e5 $14 Rc8 {Die Nachteile von 22...Nc4 könnten von Weiß
sehr elegant bewiesen werden.} (22... Nc4 $2 23. Bb3 $1 Na5 (23... Nxb2 $4 24.
Rd2 $18) (23... Rc8 $2 24. e6 $1 fxe6 $2 25. Rc1 $18) 24. Ba2 $1 Rd8 (24... Rc8
$2 25. e6 $16) 25. Kf1 $14 {, und der weiße König erreicht das schöne Feld d3.}
) 23. Be4 Kf8 24. f4 Nc4 $2 {Besser war 24...Nb3.} (24... Nb3 25. Kf1 $14) 25.
Rc1 $1 {Erneut sieht man, wie negativ für Schwarz der Turmtausch war, der
Springer gerät dadurch immer wieder in eine Fesselung.} Rc7 26. Rc2 Na5 27.
Rxc7 Bxc7 28. Bd5 $1 $16 {In dem entstandenen Leichtfigurenendspiel hat Weiß
einen klaren Vorteil, nicht zuletzt wegen der schlechten Position des
schwarzen Springers.} d3 (28... b5 29. b3 Bd8 30. f3 d3 31. Kf1 $16) (28... Nc6
29. Kf1 $16) 29. Kf1 Bb6 30. b4 Nc6 31. Ke1 a5 {Dieser verzweifelte Versuch
eines Gegenspiels mißlingt, aber Onischuks Lage war ohnehin nicht
beneidenswert.} 32. b5 Nd4 33. a4 Bc5 34. Bxb7 $18 Bb4+ 35. Kd1 Ne2 36. Bf3
Nc3+ 37. Kd2 Nxa4+ 38. Kxd3 Nb6 39. f5 a4 40. Bd1 Bc5 41. f4 Ke7 42. Be1 Kd7
43. Ba5 Bf2 44. Bxb6 Bxb6 45. Bxa4 {Das Endspiel mit ungleichfarbigen Läufer
ist leicht gewonnen für Weiß.} f6 46. Bb3 Ba5 47. Bg8 h6 48. Bf7 Ke7 49. Bg6
Be1 50. Ke4 Bd2 51. Kd5 Bxf4 52. e6 Be3 53. Kc6 Kd8 54. b6 Bd4 55. e7+ Kxe7 56.
Kc7 Be5+ 57. Kc8 h5 58. Bxh5 1-0

[Event "Bundesliga 0102"]
[Site "Germany"]
[Date "2001.11.25"]
[Round "4.2"]
[White "Kallai, Gabor"]
[Black "Rustemov, Alexander"]
[Result "1/2-1/2"]
[WhiteElo "2555"]
[BlackElo "2607"]
[Annotator "Dautov,R"]
[PlyCount "68"]
[EventDate "2001.10.06"]
[EventType "team-tourn"]
[EventRounds "15"]
[EventCountry "GER"]
[SourceTitle "CBM 087"]
[Source "ChessBase"]
[SourceDate "2002.03.21"]
[SourceVersion "1"]
[SourceVersionDate "2002.03.21"]
[SourceQuality "1"]
[WhiteTeam "Neukoelln"]
[BlackTeam "Wattenscheid"]
[WhiteTeamCountry "GER"]
[BlackTeamCountry "GER"]

1. d4 e6 2. c4 d5 3. Nf3 Nf6 4. Nc3 Be7 5. Bf4 O-O 6. e3 Nbd7 7. h3 c5 8. cxd5
Nxd5 9. Nxd5 exd5 10. dxc5 {Schlägt Weiß diesen Bauern nicht, folgt mit großer
Kraft c5-c4.} (10. Be2 c4 $1 11. O-O b5 12. Qc2 Bb7 13. Rad1 Rc8 14. Ne5 f6 15.
Nf3 Nb6 $11 {Piket,J-Kramnik,V/Monaco 2000}) (10. Bd3 Qa5+ 11. Qd2 Qxd2+ 12.
Nxd2 c4 13. Bc2 b5 14. O-O-O Nb6 15. e4 Be6 $11 {Hansen,C-Zvjaginsev,V/Essen
2000}) 10... Nxc5 11. Be5 (11. Be2 Ne6 12. Be5 Bb4+ 13. Bc3 Bxc3+ 14. bxc3 b6
$11) 11... Ne4 12. Bd3 {Weiß verliert selbstverständlich nicht gern das
Rochaderecht, aber nach 12.a3 hat Schwarz einen schönen Ausfall 12...Bh4! zur
Verfügung.} (12. a3 Bh4 $1 13. Nxh4 Qxh4 14. g3 Qg5 15. Bd4 Qf5 16. Qe2 Bd7 17.
h4 Bb5 18. g4 Bxe2 19. gxf5 Bxf1 20. Rxf1 f6 $11 {Kortschnoj,V-Vaganian,R/
Istanbul 2000}) 12... Qa5+ 13. Ke2 Be6 $6 ({Agressiver und wohl besser ist} 
13... Bd7 14. Bd4 Ba4 $1 15. Qb1 Rac8 16. Rc1 Bb5 {, und Schwarz bekam recht
schnell einen starken Angriff:} 17. Rd1 Rc6 18. Ne5 $2 Rc7 19. a4 $6 Bxd3+ 20.
Nxd3 Rfc8 21. b4 Rc2+ $1 22. Ke1 Qa6 $17 {Postny,E-Golod,V/Israel 1999}) 14. a3
Rfc8 15. Re1 Qd8 16. Kf1 Bf6 17. Bd4 $14 {Rustemov hat die Stellung recht
passiv behandelt, und Weiß kann nach der künstlichen Rochade einen leichten
Vorteil konstatieren.} Nc5 18. Rc1 $2 {Nach dem folgenden Abtausch wird Weiß
gegen das gegnerische Läuferpaar kaum Fortschritte machen können.} (18. Bxf6
Qxf6 19. Nd4 Ne4 20. Bxe4 dxe4 $11) ({Richtig war} 18. Be2 $1 $14 {, gefolgt
von Rc1, Bxf6 und N(Q)d4.}) 18... Nxd3 19. Qxd3 Be7 20. Rc3 (20. Rxc8 Qxc8 (
20... Rxc8 $2 21. Bxa7 b6 22. Qb5 $16) 21. Qd2 a6 22. Rc1 Qd8 {/\Rc8}) 20... a6
21. Rec1 Rc4 22. Ne5 Rxc3 23. Rxc3 f6 24. Nf3 Rc8 $11 25. Qc2 Rc4 26. Nd2 Rxc3
27. Qxc3 Qc8 28. Qxc8+ Bxc8 29. Ke2 Bd7 30. Nb3 Bb5+ 31. Ke1 Bd8 32. Nc5 Bc6
33. Ne6 Be7 34. Bc5 Kf7 1/2-1/2

[Event "Olympiad-36"]
[Site "Mallorca"]
[Date "2004.10.19"]
[Round "5"]
[White "Sasikiran, Krishnan"]
[Black "Vaganian, Rafael A"]
[Result "1/2-1/2"]
[WhiteElo "2668"]
[BlackElo "2640"]
[Annotator "Dautov,R"]
[PlyCount "119"]
[EventDate "2004.10.15"]
[EventType "team-swiss"]
[EventRounds "14"]
[EventCountry "ESP"]
[SourceTitle "CBM 104"]
[Source "ChessBase"]
[SourceDate "2005.01.27"]
[SourceVersion "1"]
[SourceVersionDate "2005.01.27"]
[SourceQuality "1"]
[WhiteTeam "India"]
[BlackTeam "Armenia"]
[WhiteTeamCountry "IND"]
[BlackTeamCountry "ARM"]

1. d4 d5 2. c4 e6 3. Nc3 Be7 4. Nf3 Nf6 5. Bf4 O-O 6. e3 Nbd7 7. Bd3 (7. a3
dxc4 8. Bxc4 Nb6 9. Bd3 Nbd5 10. Bg3 Nxc3 11. bxc3 b6 12. e4 Bb7 13. Qc2 Nh5
14. O-O c5 15. d5 Nxg3 16. hxg3 exd5 17. exd5 g6 18. c4 Bf6 19. Rae1 Qd7 $11 {
Schandorff,L-Vaganian,R/Germany 2002}) 7... dxc4 8. Bxc4 Nb6 {Vaganians
Lieblingsvariante, die er auch gegen 7.a3 anwendet.} 9. Bd3 Nbd5 10. Bg3 (10.
Be5 b6 11. O-O Nxc3 (11... Bb7 12. Nxd5 Nxd5 13. a3 Rc8 14. Qa4 a6 15. Rad1 $14
{Forintos,G-Sapi,L/Budapest 1964}) 12. bxc3 Bb7 13. a4 Bd6 14. Bxd6 cxd6 15. a5
bxa5 16. Qa4 Rc8 17. Rfc1 e5 18. Be2 Nd5 19. c4 Nb6 20. Qxa5 Bxf3 21. Bxf3 exd4
22. exd4 Nxc4 $11 {Huebner,R-Vaganian,R/Germany 2003}) 10... Nxc3 11. bxc3 b6
12. e4 Bb7 13. Qe2 c5 14. O-O Nh5 $1 {Der Tausch des Bg3 ist für Schwarz
erstrebenswert weil 1) nach d4-d5 der weiße Freibauer leicht von d6 blockiert
werden kann;  2) im Endspiel ist der Be7 wichtiger als der Nf3.} 15. Be5 cxd4
16. cxd4 Rc8 (16... f6 $5 17. Bg3 Nxg3 18. hxg3 Rc8 $11) 17. Rfd1 {Alle
Versuche, den Be5 vor dem Abtausch zu retten, bringen Weiß keinen Vorteil.} (
17. h3 f6 18. Bh2 Bd6 19. Qe3 Bxh2+ 20. Kxh2 Qd6+ 21. g3 $13) (17. Ne1 g6 18.
Nc2 f6 19. Bg3 Nxg3 20. hxg3 Rc3 $15) (17. Nd2 g6 18. g4 f6 19. gxh5 fxe5 20.
hxg6 hxg6 21. dxe5 Bc5 $44) 17... f6 18. Bg3 Nxg3 19. hxg3 Qc7 20. a4 Kh8 $6 {
Dieser prophylaktische Zug war unnötig, 20...Rfd8 gab Schwarz ein gutes Spiel.}
(20... Rfd8 21. Ba6 (21. a5 bxa5 22. Qa2 Rd6 23. Qxa5 Qxa5 24. Rxa5 a6 $11)
21... Bb4 $1 22. Rab1 Bxa6 23. Qxa6 Ba5 24. d5 exd5 25. exd5 Qc4 $1 $15) 21.
Ba6 Bb4 $6 (21... Rfd8 22. a5 Bxa6 23. Qxa6 Bb4 24. axb6 axb6 25. Rab1 Ba5 $11)
22. Rab1 Bxa6 23. Qxa6 Ba5 (23... Bd6 24. d5 exd5 25. Nd4 Qd7 26. exd5 $14) 24.
d5 exd5 25. exd5 Rfd8 {Vgl. mit 20...Rfd8.} 26. Qd3 $2 {Sasikiran nutzt seine
Chance nicht, mit 26.d6! könnte er seinen Vorteil vergrößern.} (26. d6 $1 Qd7 (
26... Qc4 $2 27. Qxa7 Qxa4 28. d7 $16) 27. Rd4 Rc5 (27... Bc3 28. Rc4 Rxc4 29.
Qxc4 $16) 28. Rbd1 Re8 29. Qd3 $16 {Der Freibauer d6 ist sehr stark, und
Schwarz wird es schwer haben, seine Blockade zu halten.}) 26... Qc4 27. Qxc4 $6
(27. Qd4 $1 $11) 27... Rxc4 $15 28. Rbc1 $2 Rxd5 $19 29. Rxc4 {Nach drei
Fehlern in Folge und bereits in einer verlorenen Stellung beginnt Sasikiran
eine heldenhafte Verteidigung, die am Ende von Erfolg gekrönt wird.} Rxd1+ 30.
Kh2 h5 31. Nd4 Be1 32. f4 Bf2 33. Nf3 a5 34. f5 Kh7 35. Rh4 Kh6 36. Re4 Rb1 37.
Re2 Bc5 38. Re8 Kh7 39. Nh4 Bg1+ 40. Kh3 Bf2 41. Kh2 Rb3 42. Nf3 Rb4 43. Nh4
Rxa4 44. Ng6 Kh6 45. Nf4 g6 $2 (45... Bc5 $1 46. Ne6 Kh7 $19) 46. fxg6 Rxf4 47.
gxf4 Kxg6 48. g3 Bc5 49. Ra8 Kf5 50. Kh3 Ke4 51. Kh4 Bf2 52. Ra6 Kd5 53. Kxh5
Kc6 54. Ra7 Bxg3 55. Kg4 Be1 56. Kf5 Kb5 $2 (56... Bc3 57. Ke4 b5 58. Kd3 $17)
57. Kxf6 $11 Kb4 58. f5 a4 59. Ke6 Bc3 60. f6 1/2-1/2